| 000 | 00354nam a2200133Ia 4500 | ||
|---|---|---|---|
| 008 | 191201s2002 xx 000 0 und d | ||
| 082 |
_a004.6 _bZHN |
||
| 100 | _aZHENG, Youlu | ||
| 245 | 0 | _aNetworks for Computer Scientists and Engineering | |
| 260 |
_aN.Delhi _bOxford University Press _c2002 |
||
| 300 | _a575 | ||
| 650 | _aB.Tech(CSE) | ||
| 942 |
_2ddc _cBK |
||
| 999 |
_c1726 _d1726 |
||